Führer durch die zoologische Schausammlung des Museums für Naturkunde in Berlin.

Saved in:
Bibliographic Details
Corporate Author: Museum für Naturkunde in Berlin
Format: Book
Language:German
Published: Berlin : Hopfer, 1902.
Edition:2. Aufl.
Subjects:
LEADER 00913cam a2200253 a 4500
001 c000404150
003 CARM
005 20190417131624.0
008 190417s1902 gw a 001 0 ger d
019 1 |a 25943486  |5 LACONCORD2021 
035 |a (OCoLC)224078418  |5 LACONCORD2021 
040 |a VCAV  |b eng  |c VCAV 
082 0 4 |a 590.74  |2 22 
110 2 |a Museum für Naturkunde in Berlin. 
245 1 0 |a Führer durch die zoologische Schausammlung des Museums für Naturkunde in Berlin. 
250 |a 2. Aufl. 
260 |a Berlin :  |b Hopfer,  |c 1902. 
300 |a 77 p. :  |b ill. ;  |c 19 cm. 
610 2 0 |a Museum für Naturkunde in Berlin. 
650 0 |a Museums  |z Germany  |z Berlin. 
650 0 |a Zoological museums. 
852 8 |b CARM  |i A05829  |p 0654709  |f BK 
999 f f |i 798ef975-f4e2-5a92-894e-37b1a20bf13f  |s a4285276-8678-5c09-ade3-1ecefb690e50 
952 f f |p Can circulate  |a CAVAL  |b CAVAL  |c CAVAL  |d CARM 1 Store  |e A05829  |h Other scheme  |i book  |m 0654709